000 00923nam a2200265Ia 4500
003 OSt
005 20221005113520.0
006 a|||||r|||| 00| 0
007 ta
008 221004b |||||||| |||| 00| 0 pan d
020 _a9789383904754 (pbk)
_cINR 220.00
024 _a45176
037 _b1061, 12/02/2019, H.K. Prakashan
_cTextual
040 _aCRL
_cCRL
_bpan
041 _2pan
_apan
082 _aO153,1:g, Q7
100 _aਵਾਤਿF, ਧਰਮ ਚੰਦ, ਂਚ.
_9624512
245 0 _aਅਸਤਿਤਵੀ
260 _aਲੁਧਿਆਨਾ
_bਗੋਰਕੀ ਪਬਲਿFਰਗ਼ ਭਾਰਤ
_c2017
300 _a214ਪ੍ਰ0
_ccm.
650 _a ਪੰਜਾਬੀ ਕਾਵਿ
650 _aਪੰਜਾਬੀ ਸਾਹਿਤ
942 _hO153,1:g, Q7
_cTEXL
_2cc
999 _c1028437
_d1028437